| 000 | 00951cam a22002895a 4500 | ||
|---|---|---|---|
| 001 | 016225127 | ||
| 003 | OSt | ||
| 005 | 20161106145342.0 | ||
| 008 | 130312t2013 stka frb 001 0 eng d | ||
| 020 | _a9780748670079 | ||
| 020 | _a9780748670086 | ||
| 040 |
_aStDuBDS _beng _cStDuBDS _dStEdNL _dUk _dEG-ScBUE |
||
| 082 | 0 | 4 |
_a332.1088297 _222 _bSAL |
| 100 | 1 | _aSalem, Rania Abdelfattah. | |
| 245 | 1 | 0 |
_aRisk management for Islamic banks / _cRania Abdelfattah Salem. |
| 260 |
_aEdinburgh : _bEdinburgh University Press, _cc.2013. |
||
| 300 |
_ax, 222 p. : _bill. ; _c23 cm. |
||
| 490 | 0 | _aEdinburgh guides to Islamic finance. | |
| 500 | _aIndex : p. 215-222. | ||
| 504 | _aBibliography : p. 203-213. | ||
| 650 | 7 |
_aBanks and banking _xReligious aspects _xIslam. _2BUEsh _932829 |
|
| 650 | 7 |
_aRisk management. _2BUEsh _912222 |
|
| 651 | _2BUEsh | ||
| 653 |
_bBUSADM _cNovember2016 |
||
| 690 | 7 |
_aManagement and Business Studies _2blcoll |
|
| 942 | _2ddc | ||
| 999 |
_c23034 _d23006 |
||